[Event "Tatry Open 2018"]
[Site "Tatranska Lomnica"]
[Date "2018.10.04"]
[Round "6"]
[White "Ruckschloss, Karol"]
[Black "Hrbek, Stepan"]
[Result "0-1"]
[WhiteElo "2253"]
[BlackElo "2026"]
[Annotator "TA"]
[PlyCount "44"]
[EventDate "2018.09.30"]
[EventType "swiss"]
[EventCountry "SVK"]
[SourceTitle "playchess.com"]
[Source "ChessBase"]
[SourceQuality "1"]

{[%evp 16,44,14,11,0,-75,-96,-144,-8,-9,0,-78,-87,-95,-92,-110,-118,-129,-102,-160,-169,-170,-155,-151,-150,-148,-150,-143,-135,-585,-569]} 1. c4 e5 2. Nc3 Nf6 3. g3 c6 4. d4 exd4 5. Qxd4 d5 6. cxd5 cxd5 7. Bg5 Be7 8. Bg2 Nc6 9. Qa4 {LiveBook: 7 Games} d4 {A23: English Opening: 1...e5 2 Nc3 Nf6 3 g3 c6} 10. Nb5 (10. Rd1 $11) (10. Bxc6+ bxc6 11. Rd1 O-O 12. Rxd4 Qb6 13. Ne4 Qxb2 14. Nxf6+ Bxf6 15. Bxf6 c5 16. Rf4 gxf6 17. Kf1 {½-½ (26) Minasian,A (2586)-Holzke,F (2467) Dresden 2007}) 10... Qb6 $146 ({Predecessor:} 10... O-O 11. Rd1 Bd7 12. Nxd4 Nxd4 13. Qxd4 Qa5+ 14. Bd2 Qxa2 15. Rc1 Rac8 16. Bc3 b5 17. Nf3 {1-0 (35) Doren,D (2230)-Oren,I (2370) ICCF corr 1990}) 11. Bxf6 Bxf6 (11... gxf6 $17 12. Nf3 Bd7) 12. Nd6+ $11 Ke7 13. Nc4 (13. Nxc8+ $11 Raxc8 14. Nf3) 13... Qb4+ $17 14. Qxb4+ Nxb4 15. Kd2 Be6 16. a3 Rac8 ({Resist} 16... Bxc4 17. axb4 Rhd8 18. Rc1 $11) 17. Na5 (17. axb4 $142 Rxc4 18. Rxa7 Rxb4 19. Bxb7) 17... Nd5 18. Nf3 b6 19. Nb3 Ne3 $1 $36 {[%mdl 2048] Black is in control.} 20. fxe3 dxe3+ ({Much worse is} 20... Bxb3 $6 21. Nxd4 Rhd8 22. Rhc1 $11) 21. Kxe3 {[#] Nbd4 is the strong threat.} Bxb3 22. Nd2 $2 {[%mdl 8192]} (22. Bh3 $17 {is more resistant.} Rc2 23. Nd4 Rxb2 24. Rab1 Rxb1 25. Rxb1) 22... Bg5+ {Precision: White = 40%, Black = 61%.} 0-1

[Event "Tatry Open 2018"]
[Site "Tatranska Lomnica"]
[Date "2018.10.04"]
[Round "6"]
[White "Pniaczek, Marek"]
[Black "Zadrapa, Radek"]
[Result "1/2-1/2"]
[WhiteElo "2234"]
[BlackElo "2010"]
[Annotator "TA"]
[PlyCount "51"]
[EventDate "2018.09.30"]
[EventType "swiss"]
[EventCountry "SVK"]
[SourceTitle "playchess.com"]
[Source "ChessBase"]
[SourceQuality "1"]

{[%evp 18,51,32,-7,0,-4,0,0,0,-21,-12,-12,-8,-37,-27,-16,-21,-130,-67,-109,-106,-114,-108,-106,-120,-125,-90,-152,-127,-127,-117,-109,-109,-122,-130,-240]} 1. e4 c5 2. Nf3 d6 3. d4 cxd4 4. Nxd4 Nf6 5. Nc3 a6 6. h3 e6 7. g4 Be7 8. Bg2 Qc7 9. O-O Nc6 10. Nde2 {LiveBook: 13 Games} h6 {B43: Sicilian: Kan Variation: 5 Nc3} (10... b5 11. a3 Bb7 12. Ng3 Ne5 13. f4 Nc4 14. g5 Nd7 15. b3 Qc5+ 16. Rf2 Ne3 17. Bxe3 Qxe3 18. Qd3 Qxd3 19. cxd3 {½-½ (76) Hoang Canh,H (2371)-Yu,Y (2696) Ho Chi Minh City 2013}) 11. Be3 b5 12. f4 Bb7 {The position is equal.} 13. a3 Na5 14. b3 Rd8 $146 ({Predecessor:} 14... Nd7 15. Qd2 Rc8 16. Rad1 Bf6 17. Bd4 Bxd4+ 18. Qxd4 {1-0 (43) Verma,A (2002)-Byron,A (2128) St Clement Bay 2018}) 15. Qd4 Nc6 16. Qd2 O-O 17. f5 {[#]} (17. b4 $1 $11) 17... Ne5 (17... d5 $1 $17 {[%cal Rd5d4][%mdl 512] ...d4! is the strong threat.} 18. exd5 exd5) 18. fxe6 fxe6 19. Nf4 Qc8 20. Bb6 Rde8 21. Rae1 Rf7 22. Nd1 ({White should try} 22. Nd3) 22... Nfd7 23. Bd4 {Black is better.} Bg5 {And now ...Nxg4! would win.} 24. Be3 Qc6 25. Nf2 {[#]} Nc5 $1 26. Nh5 {Precision: White = 35%, Black = 80%.} (26. N4d3 $17) 1/2-1/2

[Event "Tatry Open 2018"]
[Site "Tatranska Lomnica"]
[Date "2018.10.04"]
[Round "6"]
[White "Parligras, Cosmin"]
[Black "Hursky, Karel P"]
[Result "1-0"]
[WhiteElo "2203"]
[BlackElo "2051"]
[Annotator "TA"]
[PlyCount "39"]
[EventDate "2018.09.30"]
[EventType "swiss"]
[EventCountry "SVK"]
[SourceTitle "playchess.com"]
[Source "ChessBase"]
[SourceQuality "1"]

{[%evp 9,39,70,78,75,81,50,150,158,152,151,152,28,122,123,119,112,108,92,108,-10,218,177,288,216,292,264,266,264,1550,1554,29998,29999]} 1. e4 e6 2. d4 d5 3. Nd2 Nc6 4. c3 b6 (4... e5 5. dxe5 Nxe5 6. Ngf3 Nxf3+ 7. Nxf3 Nf6 8. exd5 Qxd5 9. Qxd5 Nxd5 10. Bc4 Nb6 11. Bb3 Bd6 12. O-O {½-½ (12) Zvjaginsev,V (2660)-Ponkratov,P (2610) St Petersburg 2015}) 5. Bd3 dxe4 6. Nxe4 {C04: French Tarrasch: 3...Nc6} Nf6 7. Nxf6+ Qxf6 ({Black should play} 7... gxf6 $14 8. Qf3 Bb7) 8. Be4 $146 {White is clearly better.} ({Predecessor:} 8. Bb5 Bb7 9. Qa4 e5 10. d5 O-O-O 11. Bxc6 Bc5 12. Bxb7+ Kxb7 13. Qc6+ Qxc6 14. dxc6+ Kxc6 {1-0 (44) Beil,D-Cleven,J Recklinghausen 1995}) 8... Bd7 9. Nf3 Qd8 10. Qa4 (10. O-O $16) 10... Na5 (10... Nb4 $1 $11 {remains equal.} 11. Qd1 Bc6) 11. Qc2 $36 {[%mdl 2048] Keeping Black busy.} Rc8 12. Bxh7 c5 13. Bd3 Bc6 14. Ne5 (14. dxc5 $16 {Hoping for b4.} Bxc5 15. Be4) 14... Bxg2 $2 {[#]} (14... cxd4 $11 15. Nxc6 Nxc6) 15. Bg6 $1 {[%mdl 512]} Rc7 {[#]} (15... Bxh1 $2 {perishes.} 16. Bxf7+ Ke7 17. Bg5+ Kd6 18. Bxd8 $18) (15... Qd5 {keeps fighting.}) (15... fxg6 16. Qxg6+) 16. Bxf7+ $1 $18 Rxf7 17. Qg6 {[%csl Ge5][%cal Rg6f7]} ({Don't blunder} 17. Nxf7 $2 Kxf7 18. Rg1 Qd5 $19) 17... Qf6 18. Qxg2 {Qa8+ is the strong threat.} Rc7 $2 (18... Rb7 19. Nc4 cxd4) 19. Bg5 Qf5 20. Qa8+ {Precision: White = 48%, Black = 23%.} 1-0

[Event "Tatry Open 2018"]
[Site "Tatranska Lomnica"]
[Date "2018.10.04"]
[Round "6"]
[White "Zatko, Gregor"]
[Black "Ruzicka, Milan"]
[Result "1-0"]
[WhiteElo "2194"]
[BlackElo "2037"]
[Annotator "RC"]
[PlyCount "119"]
[EventDate "2018.09.30"]
[EventType "swiss"]
[EventCountry "SVK"]
[SourceTitle "playchess.com"]
[Source "ChessBase"]
[SourceQuality "1"]
[TimeControl "40/5400+30:1800+30"]

1. d4 {[%emt 0:00:00]} d5 {[%emt 0:00:00]} 2. Bf4 {[%emt 0:00:00]} Nf6 {[%emt 0:00:00]} 3. e3 {[%emt 0:00:00]} Bf5 {[%emt 0:00:39]} 4. c4 {[%emt 0:00:00]} e6 {[%emt 0:01:24]} 5. Nc3 {[%emt 0:00:00]} c6 {[%emt 0:03:41]} 6. Nf3 {[%emt 0:00:17]} Nbd7 {[%emt 0:00:30]} 7. Qb3 {[%emt 0:00:04]} Qc8 {[%emt 0:04:35]} 8. h3 {[%emt 0:02:43]} Be7 {[%emt 0:00:42]} 9. Be2 {[%emt 0:00:45]} O-O {[%emt 0:00:27]} 10. O-O {[%emt 0:00:15]} h6 {[%emt 0:02:12]} 11. Rac1 {[%emt 0:00:06]} a6 {[%emt 0:00:37]} 12. Nd2 {[%emt 0:07:42]} Re8 {[%emt 0:01:35]} 13. f3 {[%emt 0:02:14]} dxc4 {[%emt 0:06:00]} 14. Nxc4 {[%emt 0:04:34]} b5 {[%emt 0:00:47]} 15. Nd6 {[%emt 0:02:51]} Bxd6 {[%emt 0:03:44]} 16. Bxd6 {[%emt 0:00:05]} Qb7 {[%emt 0:03:17]} 17. e4 {[%emt 0:01:41]} Bg6 {[%emt 0:00:59]} 18. e5 {[%emt 0:01:40]} Nd5 {[%emt 0:08:22]} 19. Ne4 {[%emt 0:01:36]} Rac8 {[%emt 0:04:54]} 20. g3 {[%emt 0:07:22]} Red8 {[%emt 0:14:36]} 21. Rfd1 {[%emt 0:05:38]} Re8 {[%emt 0:09:59]} 22. Bd3 {[%emt 0:05:09]} Bxe4 {[%emt 0:05:18]} 23. fxe4 {[%emt 0:01:16]} N5b6 {[%emt 0:00:48]} 24. Qc2 {[%emt 0:02:45]} c5 {[%emt 0:03:42]} 25. dxc5 {[%emt 0:03:43]} Nc4 {[%emt 0:00:47]} 26. Bxc4 {[%emt 0:04:57]} bxc4 {[%emt 0:00:03]} 27. Qxc4 {[%emt 0:02:04]} Qxb2 {[%emt 0:00:09]} 28. Rc2 {[%emt 0:17:01]} Nxe5 {[%emt 0:00:36]} 29. Qe2 {[%emt 0:00:07]} Qa3 {[%emt 0:07:26]} 30. Bxe5 {[%emt 0:01:18]} Rxc5 {[%emt 0:00:13]} 31. Rxc5 {[%emt 0:00:26]} Qxc5+ {[%emt 0:00:06]} 32. Bd4 {[%emt 0:00:04]} Qc6 {[%emt 0:01:41]} 33. Bf2 {[%emt 0:02:24]} Rb8 {[%emt 0:00:37]} 34. Re1 {[%emt 0:05:46]} a5 {[%emt 0:00:25]} 35. e5 {[%emt 0:03:05]} Qc3 {[%emt 0:01:03]} 36. Qe3 {[%emt 0:00:51]} Qc2 {[%emt 0:01:00]} 37. Re2 {[%emt 0:05:15]} Rb1+ {[%emt 0:00:40]} 38. Kh2 {[%emt 0:00:20]} Qc6 {[%emt 0:03:06]} 39. Bg1 {[%emt 0:00:44]} a4 {[%emt 0:03:03]} 40. Rd2 {[%emt 0:04:43]} Rc1 {[%emt 0:01:28]} 41. Qd3 {[%emt 0:32:25]} Rc3 {[%emt 0:32:33]} 42. Qe2 {[%emt 0:02:37]} a3 {[%emt 0:00:58]} 43. Bd4 {[%emt 0:00:21]} Rc1 {[%emt 0:01:45]} 44. Qg2 {[%emt 0:00:02]} Qc4 {[%emt 0:01:34]} 45. Qf3 {[%emt 0:00:00]} Qb4 {[%emt 0:00:00]} 46. Be3 {[%emt 0:00:00]} Rb1 {[%emt 0:00:00]} 47. Rf2 {[%emt 0:00:00]} Qe1 {[%emt 0:00:00]} 48. Rd2 {[%emt 0:00:00]} Rb2 {[%emt 0:00:00]} 49. Qf2 {[%emt 0:00:00]} Qb1 {[%emt 0:00:00]} 50. Bd4 {[%emt 0:00:00]} Rb5 {[%emt 0:00:00]} 51. Bc5 {[%emt 0:00:00]} Qe4 {[%emt 0:00:00]} 52. Bxa3 {[%emt 0:01:00]} Rb1 {[%emt 0:00:00]} 53. Qg2 {[%emt 0:00:19]} Qxe5 {[%emt 0:02:29]} 54. Rd8+ {[%emt 0:01:22]} Kh7 {[%emt 0:00:03]} 55. Qc2+ {[%emt 0:00:09]} Qf5 56. Qxf5+ {[%emt 0:00:07]} exf5 {[%emt 0:00:14]} 57. Rd2 {[%emt 0:00:40]} g5 {[%emt 0:00:56]} 58. Bb2 {[%emt 0:00:16]} Re1 {[%emt 0:00:29]} 59. a4 {[%emt 0:01:23]} Re4 {[%emt 0:00:19]} 60. Bd4 {[%emt 0:00:04]} 1-0

[Event "Tatry Open 2018"]
[Site "Tatranska Lomnica"]
[Date "2018.10.04"]
[Round "6"]
[White "Macko, Michal"]
[Black "Vojta, Tomas"]
[Result "0-1"]
[WhiteElo "2187"]
[BlackElo "2349"]
[Annotator "TA"]
[PlyCount "64"]
[EventDate "2018.09.30"]
[EventType "swiss"]
[EventCountry "SVK"]
[SourceTitle "playchess.com"]
[Source "ChessBase"]
[SourceQuality "1"]

{[%evp 15,64,53,59,21,42,22,29,0,6,8,9,5,14,0,0,0,-2,-6,14,14,14,0,0,11,6,-4,8,-9,-13,-222,-226,-373,-350,-378,-110,-106,-102,-427,-436,-410,-352,-356,-342,-512,-449,-1203,-1137,-29985,-29986,-29983,-29982]} 1. e4 d5 2. exd5 Qxd5 3. Nc3 Qd6 4. g3 Nf6 5. Bg2 c6 6. d4 {B01: Skandinavische Verteidigung} Bg4 7. Nf3 e6 8. O-O Qc7 {LiveBook: 8 Partien} 9. Ne2 Nbd7 10. c3 $146 ({Vorgänger:} 10. h3 Bf5 11. c4 Rd8 12. Nc3 Nb6 13. Qe2 Be7 {1-0 (40) Amanov,Z (2359)-Lenderman,A (2619) Las Vegas 2012}) 10... Bd6 11. Bf4 O-O 12. Bxd6 Qxd6 13. Re1 Rad8 14. Qb3 Qc7 15. h3 Bf5 16. Nf4 Nd5 17. Nxd5 cxd5 18. Ne5 h6 19. Nxd7 Rxd7 20. Bf1 Be4 21. Kh2 f5 {[%cal Bf7f5,Bf5f4,Bf4f3][%mdl 32]} 22. f3 $2 (22. Bg2 $11 {und Weiss steht sicher.}) 22... Bxf3 $19 23. Rxe6 (23. c4 $142 Be4 24. cxd5 Bxd5 25. Qc3) 23... f4 24. g4 Kh8 $2 (24... Re7 $19 {und Schwarz behält klar die Oberhand.} 25. Rae1 Rfe8 26. Rxe7 Rxe7 27. Rxe7 Qxe7) 25. Qa3 $17 Qd8 {Weiss muss nun ...Le4 beachten.} 26. Bb5 $2 {[%mdl 8192]} (26. c4 $17 Be4 27. Re5) 26... Rdf7 $1 $19 {[%cal Bd7f7,Bf7f4,Bf4g4][%mdl 32]} 27. c4 Bxg4 28. hxg4 {[#] Und Df3 würde nun gewinnen.} f3 $1 29. Kg3 {[#]} (29. Kh3 $142 f2 30. Rf1 Rf3+ 31. Qxf3 Rxf3+ 32. Kg2) 29... Qg5 $1 30. Qe3 (30. cxd5 $142 Rf4 31. Kf2 Qxd5 32. Rg6 Qxd4+ 33. Kg3) 30... Rf4 31. Kf2 Qh4+ 32. Kf1 Rxg4 {Precision: Weiß = 19%, Schwarz = 56%.} 0-1

[Event "Tatry Open 2018"]
[Site "Tatranska Lomnica"]
[Date "2018.10.04"]
[Round "6"]
[White "Weber, Samuel"]
[Black "Hronik, Petr"]
[Result "1/2-1/2"]
[WhiteElo "2141"]
[BlackElo "1899"]
[Annotator "TA"]
[PlyCount "120"]
[EventDate "2018.09.30"]
[EventType "swiss"]
[EventCountry "SVK"]
[SourceTitle "playchess.com"]
[Source "ChessBase"]
[SourceQuality "1"]

{[%evp 17,120,10,28,16,16,24,31,27,33,33,27,0,8,-8,63,70,50,-39,73,65,51,46,85,9,0,0,0,1,0,0,16,18,35,28,33,-29,-23,-26,-29,-25,0,0,0,-16,-13,-11,0,-15,0,0,0,0,0,0,0,0,0,0,0,0,0,0,0,0,0,0,0,0,0,0,0,0,0,0,0,0,0,0,0,0,0,0,0,0,0,0,0,0,0,0,0,0,0,0,0,0,0,0,0,0,0,0,0,0,0]} 1. Nf3 d5 2. g3 c6 3. Bg2 Bf5 4. O-O e6 5. d3 h6 6. Nbd2 Nf6 7. b3 Nbd7 8. Bb2 a5 {A07: Réti Opening: New York and Capablanca Systems} (8... Bh7 9. e4 Bc5 10. e5 Ng8 11. d4 Bb6 12. c4 Ne7 13. Ba3 O-O 14. Bd6 dxc4 15. bxc4 Bc7 16. Qb3 Rb8 {1-0 (40) Kuzubov,Y (2690)-Parligras,M (2613) Baile Govora 2017}) 9. a3 Be7 {LiveBook: 4 Games} 10. e4 dxe4 11. dxe4 Bh7 12. Qe2 $146 ({Predecessor:} 12. e5 Nd5 13. Nc4 O-O {1-0 (44) Nureev,G (2456)-Asanov,T (2416) Moscow 2003}) 12... O-O 13. e5 Nd5 14. c4 Nc7 15. Rfd1 Qb8 ({Better is} 15... Na6 $11) 16. Ne4 $14 Rd8 $1 17. Nfd2 (17. Nd6 $14) 17... Nc5 (17... Na6 $15 {stays ahead.}) 18. Nxc5 $16 Bxc5 19. Ne4 Na6 20. Bc3 (20. Nxc5 $16 Nxc5 21. Qe3) 20... Qc7 $11 21. Qb2 Rxd1+ 22. Rxd1 Rd8 23. Re1 Be7 24. b4 axb4 25. axb4 c5 {[#] ...Bxe4 is the strong threat.} 26. Nd6 (26. b5 $14 Nb4 27. Qe2) 26... cxb4 27. Bxb4 Nxb4 28. Qxb4 Bxd6 29. exd6 {The position is equal.} Rxd6 30. Bxb7 Rb6 31. Qa4 {[%cal Ra4e8] [#]} Qb8 32. Bf3 Rb1 33. Rxb1 Qxb1+ 34. Qd1 Kf8 35. Kg2 {[%cal Rd1d8]} (35. Qxb1 {keeps more tension.} Bxb1 36. c5 Ba2 37. Kf1 e5 38. Ke2) 35... Qxd1 36. Bxd1 {[%mdl 4096] Endgame KB-KB} Ke7 37. c5 Be4+ 38. f3 Bc6 39. Kf2 e5 40. Bb3 f6 41. f4 exf4 42. gxf4 Be4 43. Ke3 Bf5 44. Bd5 Kd7 45. Kd4 g5 46. fxg5 hxg5 47. Bf7 Bh3 48. Bb3 f5 49. Bd5 f4 50. Ke5 Kc7 51. Kf6 g4 52. Kg5 f3 53. Kf4 f2 54. Bc4 Kc6 55. Kg3 Kxc5 56. Be2 f1=Q 57. Bxf1 Bxf1 58. Kxg4 Bd3 59. h3 Kd6 60. Kf4 Ke7 {Precision: White = 61%, Black = 57%.} 1/2-1/2

[Event "Tatry Open 2018"]
[Site "Tatranska Lomnica"]
[Date "2018.10.04"]
[Round "6"]
[White "Kolesar, Milan"]
[Black "Krnan, Tomas"]
[Result "1-0"]
[WhiteElo "2133"]
[BlackElo "2430"]
[Annotator "TA"]
[PlyCount "83"]
[EventDate "2018.09.30"]
[EventType "swiss"]
[EventCountry "SVK"]
[SourceTitle "playchess.com"]
[Source "ChessBase"]
[SourceQuality "1"]

{[%evp 23,83,0,0,-16,-16,-13,-8,-9,-9,-13,-12,-6,-6,-6,-6,-7,-6,-7,0,0,0,0,0,-35,0,0,0,0,0,-62,-56,-56,-58,-80,-85,-83,0,0,97,70,232,232,227,208,491,491,487,480,447,460,564,550,525,526,537,222,786,756,1379,1320,29977,1134]} 1. Nf3 Nf6 2. c4 g6 3. g3 Bg7 4. Bg2 O-O 5. d4 d6 6. O-O Nc6 7. Nc3 a6 8. d5 Na5 9. Nd2 c5 10. Rb1 Rb8 11. b3 b5 12. Bb2 Bh6 {LiveBook: 24 Partien} 13. Nce4 {E66: Königsindisch (Jugoslawische Variante)} (13. Ba1 {seems wilder.} Bxd2 14. Qxd2 bxc4 15. Ne4 Nxe4 16. Bxe4 cxb3 17. Bc3) (13. Ba1 Bf5 14. e4 Bg4 15. f3 Be3+ 16. Kh1 Bd7 17. cxb5 axb5 18. Ne2 e5 19. dxe6 fxe6 20. e5 dxe5 21. Bxe5 {½-½ (60) Aronian,L (2783)-Nakamura,H (2729) Moscow 2010}) 13... Nxe4 $1 14. Bxe4 bxc4 15. Nxc4 {Die Stellung ist ausgeglichen.} Nxc4 16. bxc4 Bh3 17. Bg2 $1 {[%cal Rg2h3]} Bxg2 18. Kxg2 Qa5 19. Qd3 Qxa2 20. Bc3 Rxb1 $146 ({Vorgänger:} 20... Bg7 21. Ra1 Qb3 22. Bxg7 Kxg7 23. Rxa6 Qxd3 24. exd3 Rb7 25. Re1 Rfb8 26. g4 g5 27. Re3 Kf6 {½-½ (27) Tunik,G (2445)-Anapolsky,S Cheliabinsk 1991}) 21. Rxb1 Ra8 22. Rb7 Bf8 23. Bb2 {Droht stark Dc3.} Qa5 24. h4 Qd8 25. Qc3 $36 {[%csl Gb2][%cal Rc3h8][%mdl 2048] Schwarz steht unter Druck.} f6 26. Qb3 (26. Qe3 $11 Qc8 27. Rb3) 26... Qc8 $15 27. e4 a5 28. Ba3 a4 29. Qb6 f5 ({Besser ist} 29... h5 $17) 30. e5 $11 dxe5 (30... f4 $11 {hält das Gleichgewicht.}) 31. Rc7 $16 Qe8 $2 ({Lieber} 31... Qa6 $14 32. Qxa6 Rxa6) 32. Qxc5 $18 {Droht d6 und aus.} ({Schwächer ist} 32. Bxc5 f4 $14) 32... Rd8 33. Qb6 $1 e4 $2 (33... f4 34. Qe6+ Qf7) 34. Qe6+ Qf7 35. Qxf7+ $1 Kxf7 {[%mdl 4096] Endspiel [#] KTL-KTL} 36. d6 $1 {[%cal Bd5d6,Bd6d7][%mdl 32]} Rb8 37. d7 {Und Tc8 würde nun gewinnen.} Rd8 {[#]} 38. c5 $1 {[%cal Bc4c5,Bc5c6][%mdl 32]} e5 {beabsichtigt ...Ke6.} 39. Bc1 (39. Rc8 $142 Rxd7 40. c6) 39... a3 $2 (39... Bxc5 40. Rxc5 Rxd7) 40. c6 Bc5 41. Rb7 Bd6 {[#]} 42. Bxa3 $1 {[%mdl 512] Precision: Weiß = 66%, Schwarz = 39%.} 1-0

[Event "Tatry Open 2018"]
[Site "Tatranska Lomnica"]
[Date "2018.10.04"]
[Round "6"]
[White "Sejkora, Vlastimil"]
[Black "Malik, Jan"]
[Result "0-1"]
[WhiteElo "2111"]
[BlackElo "2300"]
[Annotator "TA"]
[PlyCount "60"]
[EventDate "2018.09.30"]
[EventType "swiss"]
[EventCountry "SVK"]
[SourceTitle "playchess.com"]
[Source "ChessBase"]
[SourceQuality "1"]

{[%evp 9,60,-11,6,-28,-14,-48,0,-14,0,0,0,0,0,0,0,0,0,0,-2,-4,17,15,33,14,0,-82,-89,-88,-92,-93,-82,-128,-135,-125,-118,-113,-64,-139,-132,-168,-172,-159,-134,-134,-134,-130,-135,-254,-244,-245,-250,-29998,-29999]} 1. e4 c6 2. d4 d5 3. e5 c5 4. Bd3 (4. dxc5 e6 5. Nf3 Bxc5 6. a3 Nd7 7. Bd3 f6 8. b4 Be7 9. Bb2 fxe5 10. Nxe5 Nxe5 11. Bxe5 Bf6 12. O-O Nh6 13. Bxf6 Qxf6 {1-0 (70) Jakovenko,D (2735)-Fedoseev,V (2706) Poikovsky 2018}) 4... Nc6 5. Nf3 Bg4 6. c3 {B12: Caro-Kann: Advance Variation} e6 7. O-O Nge7 8. Nbd2 {The position is equal.} cxd4 9. cxd4 Nf5 10. h3 $146 ({Predecessor:} 10. Bxf5 Bxf5 11. h3 Bb4 12. a3 {1-0 (26) Livendahl,K-Arendarski,L (1893) ICC INT 2009}) 10... Bxf3 $1 11. Nxf3 Nfxd4 12. Nxd4 Nxd4 13. Qa4+ Nc6 14. Bb5 Qd7 15. Be3 a6 16. Rac1 {[%cal Rc1c6][%mdl 1024] Black must now prevent Rxc6. White has compensation.} Rc8 17. Bd3 (17. Bxc6 $1 $11 bxc6 18. Rfd1) 17... Be7 $17 18. Qg4 g6 19. f4 O-O 20. h4 Nb4 21. Bb1 d4 22. Rcd1 h5 23. Qh3 (23. Qe2 $15) 23... Nc2 24. Bxc2 Rxc2 25. Bxd4 Qc6 26. Qf3 Qxf3 27. Rxf3 Rd8 {Threatens to win with ...Rxd4!} 28. Kh2 {[#]} (28. Rfd3 $17) 28... Rxb2 $1 $19 {[%mdl 512]} 29. Bxb2 Rxd1 30. Kh3 $2 (30. Ba3 $19 Bxh4 31. Rb3) 30... Rh1+ {Precision: White = 41%, Black = 65%.} 0-1

[Event "Tatry Open 2018"]
[Site "Tatranska Lomnica"]
[Date "2018.10.04"]
[Round "6"]
[White "Bosak, Jan"]
[Black "Kostelny, Jozef"]
[Result "0-1"]
[WhiteElo "2079"]
[BlackElo "2193"]
[Annotator "TA"]
[PlyCount "80"]
[EventDate "2018.09.30"]
[EventType "swiss"]
[EventCountry "SVK"]
[SourceTitle "playchess.com"]
[Source "ChessBase"]
[SourceQuality "1"]

{[%evp 21,80,38,28,16,24,17,10,12,23,-29,-22,-36,-27,-38,-14,-68,-42,-56,-56,-127,-149,-172,-156,-174,0,-164,-43,-162,-153,-165,-180,-225,-202,-214,-225,-205,-207,-245,-235,-378,-357,-493,-493,-432,-400,-389,-383,-539,-532,-584,-567,-704,-671,-765,-668,-873,-858,-838,-815,-2034,-1930]} 1. c4 Nf6 2. Nc3 g6 3. e4 d6 4. d4 Bg7 5. Nf3 O-O 6. Be2 Na6 7. O-O e5 8. Bg5 h6 9. Bh4 g5 {E94: King's Indian: Classical: 6 Be2 e5 7 0-0: Various Black 7th moves} 10. dxe5 gxh4 11. exf6 Qxf6 {LiveBook: 3 Games. White is slightly better.} 12. Qd2 $146 ({Predecessor:} 12. Nd5 Qd8 13. Nd4 Nc5 14. Bg4 c6 15. Ne3 Nxe4 16. Bxc8 Rxc8 17. Ndf5 {½-½ (51) Cramling,P (2536)-Perez Candelario,M (2527) Villafranca 2010}) 12... Re8 13. Rfe1 h3 14. g3 Nc5 15. Nd5 (15. Qe3 $142) 15... Qd8 $11 16. e5 dxe5 {Hoping for ...e4.} 17. Qe3 Nd7 18. Bd3 (18. Rad1 $11) 18... c6 19. Nc3 Qb6 20. Qxb6 (20. Ne4 $15) 20... axb6 $17 21. Nh4 Nc5 $36 {[%mdl 2048] Black has strong initiative.} 22. Bf5 {[#]} Ne6 $2 ({Black should play} 22... e4 $1 $19 {[%mdl 512] And now ...Be6 would win.} 23. Bxc8 (23. Nxe4 Nxe4) 23... Bxc3 24. bxc3 Rexc8) 23. Ne4 $2 (23. Bxh3 $11 Nd4 24. Bxc8 Rexc8 25. Rad1) 23... Rd8 ({Black should try} 23... Nd4 $1 $19 24. Bxc8 Rexc8) 24. g4 {[#]} (24. Bxh3 $15 Nd4 25. Bxc8 Raxc8 26. Rad1) 24... Rd4 $1 $19 25. b3 {[#]} Ng5 $1 26. Nxg5 Bxf5 27. Nxf5 Rxg4+ 28. Kf1 hxg5 29. Nxg7 Kxg7 30. Rxe5 {[%mdl 4096] Endgame KRR-KRR} (30. Re3 $142) 30... Rg2 31. a4 Rd8 32. Ke2 Rd4 33. Ke3 c5 34. a5 (34. Rh1 $142 Kf6 35. Re8) 34... Kf6 {Black is clearly winning.} 35. Re8 bxa5 36. Rxa5 Rxh2 {Threatens to win with ...Rh1.} 37. Rh8 b6 38. Rh6+ Kg7 39. Rxb6 Rg2 {White must now prevent ...h2.} 40. Rxc5 Rh4 {Precision: White = 22%, Black = 71%.} 0-1

[Event "Tatry Open 2018"]
[Site "Tatranska Lomnica"]
[Date "2018.10.04"]
[Round "6"]
[White "Steiner, Bruno"]
[Black "Kostolansky, Sebastian Lukas"]
[Result "0-1"]
[WhiteElo "2075"]
[BlackElo "2209"]
[Annotator "TA"]
[PlyCount "54"]
[EventDate "2018.09.30"]
[EventType "swiss"]
[EventCountry "SVK"]
[SourceTitle "playchess.com"]
[Source "ChessBase"]
[SourceQuality "1"]

{[%evp 20,54,63,46,66,50,65,41,55,52,66,10,47,17,33,15,91,56,67,-348,-359,-817,-816,-797,-784,-772,-805,-742,-727,-950,-953,-930,-933,-1092,-1086,-29991,-29991]} 1. Nf3 Nf6 2. e3 g6 3. d4 Bg7 4. Be2 O-O 5. O-O d6 6. c4 Nbd7 7. Nc3 e5 8. Qc2 Re8 9. b4 e4 {E61: Königsindisch (Abweichungen der Hauptvariante)} 10. Nd2 Qe7 11. Bb2 {LiveBook: 4 Partien} Nf8 {Weiß steht etwas besser.} (11... h5 12. Rac1 h4 13. Rfd1 h3 14. g3 c6 15. Nb3 a6 16. d5 cxd5 17. Nxd5 Nxd5 18. Rxd5 Bxb2 19. Qxb2 {0-1 (41) Lalith,B (2537)-Yu,Y (2724) Caleta 2015}) 12. Rfc1 $146 ({Vorgänger:} 12. Nd5 Nxd5 13. cxd5 Bf5 14. Rfc1 Rac8 15. Qa4 a6 16. Rc3 Bd7 17. Qb3 Bb5 18. Bxb5 axb5 {½-½ (33) Fontaine,Q (2122)-Bojkov,D (2489) Belgium 2015}) 12... Bf5 13. Qd1 h5 14. a4 N8h7 15. d5 (15. b5 $14) 15... Ng4 16. Ra2 Qh4 17. Bxg4 $1 hxg4 (17... Bxg4 $11 {hält das Gleichgewicht.} 18. Qe1 Nf6) 18. c5 Be5 19. Kf1 $2 {[%mdl 8192]} (19. Nf1 $1 $14 {behält die Oberhand.}) 19... Qxh2 20. Nb5 $2 (20. Ke2 g3 21. Qg1) 20... g3 $19 {[#] Droht ...Dh1+ und aus.} 21. Bxe5 Qh1+ ({Schwächer ist} 21... dxe5 22. fxg3 Red8 23. Nxc7 $19) 22. Ke2 Bg4+ 23. Nf3 exf3+ 24. Kd2 Qxd1+ 25. Rxd1 Rxe5 26. Nxc7 fxg2 27. Nxa8 Rxd5+ {Precision: Weiß = 13%, Schwarz = 45%.} 0-1